[Event "I. Sarkany-Aranytiz GM"]
[Site "Budapest"]
[Date "2012.08.25"]
[Round "8"]
[White "Tesik, Csaba"]
[Black "Berczes, David"]
[Result "0-1"]
[WhiteElo "2347"]
[BlackElo "2530"]
[PlyCount "162"]
[EventDate "2012.08.18"]
[EventType "tourn"]
[EventRounds "9"]
[EventCountry "HUN"]
[EventCategory "9"]

1. e4 c6 2. d4 d5 3. e5 c5 4. dxc5 e6 5. Be3 Ne7 6. c3 Nf5 7. Bd4 Bd7 8. Nf3
Nc6 9. Qd2 f6 10. exf6 gxf6 11. Be2 e5 12. Be3 Nxe3 13. fxe3 Bxc5 14. Qxd5 Qe7
15. Nbd2 O-O-O 16. Ne4 Bxe3 17. Qd3 Bb6 18. Qd6 Rhf8 19. Qxe7 Nxe7 20. Nd6+ Kb8
21. Nc4 Bc7 22. O-O-O Be6 23. a4 Bd7 24. b3 Bc6 25. g3 Nd5 26. Kb2 a6 27. Rhe1
b5 28. axb5 axb5 29. Na3 b4 30. cxb4 Nxb4 31. Nh4 Bb6 32. Bf3 Bxf3 33. Nxf3
Nd3+ 34. Kc2 Nxe1+ 35. Rxe1 Bc7 36. Nc4 Kb7 37. Kc3 Rde8 38. Kd3 Kc6 39. Re2
Rd8+ 40. Kc3 Rde8 41. Kd3 Bb8 42. Kc3 Kd5 43. Ne3+ Ke6 44. Nc4 Ba7 45. Ra2 Ra8
46. Re2 Rfd8 47. g4 h6 48. h4 Rg8 49. g5 Kf5 50. gxf6 e4 51. Nfd2 Rg3+ 52. Kc2
e3 53. Nf1 Rh3 54. Nfxe3+ Bxe3 55. Nxe3+ Kxf6 56. Nd5+ Kf5 57. Kb2 Rxh4 58.
Rf2+ Ke4 59. Ne7 Rf4 60. Re2+ Kf3 61. Rh2 Rf6 62. Kc3 Rd8 63. b4 Rd7 64. Rh3+
Kg4 65. Re3 h5 66. Kc4 h4 67. Nd5 Rc6+ 68. Kb5 Rcd6 69. Nc3 Rd3 70. Re4+ Kg5
71. Ne2 h3 72. Nf4 h2 73. Nxd3 h1=Q 74. Nc5 Rb7+ 75. Nxb7 Qxe4 76. Nc5 Qd5 77.
Kb6 Kf6 78. Na6 Ke5 79. Nc5 Kd4 80. Kb5 Kc3 81. Ka5 Kc4 0-1

[Event "I. Sarkany-Aranytiz GM"]
[Site "Budapest"]
[Date "2012.08.26"]
[Round "9"]
[White "Medvegy, Zoltan"]
[Black "Petenyi, Tamas"]
[Result "1-0"]
[WhiteElo "2555"]
[BlackElo "2445"]
[PlyCount "149"]
[EventDate "2012.08.18"]
[EventType "tourn"]
[EventRounds "9"]
[EventCountry "HUN"]
[EventCategory "9"]

1. c4 e5 2. g3 Nf6 3. Bg2 Nc6 4. Nc3 g6 5. e4 Bg7 6. Nge2 O-O 7. O-O d6 8. d3
Nd4 9. Nxd4 exd4 10. Ne2 c5 11. b4 Bd7 12. bxc5 dxc5 13. Nf4 Qc7 14. a4 Rac8
15. Bd2 Rfe8 16. Qc2 Bc6 17. Rfb1 Nd7 18. Nd5 Qd8 19. f4 f5 20. e5 Nf8 21. a5
Ne6 22. Ra2 Rf8 23. Rab2 Rf7 24. Qd1 Qd7 25. a6 b6 26. Nxb6 axb6 27. Rxb6 Bxg2
28. Kxg2 Nd8 29. Qf3 Bf8 30. Rb8 Rxb8 31. Rxb8 Kg7 32. Kf2 Nc6 33. Rb6 Nd8 34.
Qa8 h5 35. a7 Qxa7 36. Qxd8 Be7 37. Qb8 Qxb8 38. Rxb8 Rf8 39. Rb5 Ra8 40. Ba5
Kf7 41. Kg2 Ke6 42. Kf3 Kd7 43. Rb7+ Ke6 44. Rb6+ Kf7 45. Rb5 Ke6 46. Rb6+ Kf7
47. Rb5 Ke6 48. Bb6 Rc8 49. Ba7 Rc6 50. Ra5 Kd7 51. Ke2 Rc7 52. Bb6 Rc8 53.
Ra7+ Ke6 54. Bc7 Rg8 55. Ra6+ Kd7 56. Bd6 Bxd6 57. Rxd6+ Kc7 58. h4 Ra8 59.
Rxg6 Ra2+ 60. Ke1 Ra1+ 61. Kd2 Ra2+ 62. Kd1 Ra1+ 63. Kc2 Ra2+ 64. Kc1 Ra3 65.
Kc2 Ra2+ 66. Kb3 Rd2 67. Ka4 Rxd3 68. Kb5 Re3 69. Kxc5 d3 70. Rg7+ Kd8 71. Kd6
Kc8 72. Ke6 Re4 73. Rd7 Re3 74. Rd4 Rxg3 75. Kxf5 1-0

[Event "I. Sarkany-Aranytiz GM"]
[Site "Budapest"]
[Date "2012.08.26"]
[Round "9"]
[White "Berczes, David"]
[Black "Fodor, Tamas Jr"]
[Result "1/2-1/2"]
[WhiteElo "2530"]
[BlackElo "2503"]
[PlyCount "61"]
[EventDate "2012.08.18"]
[EventType "tourn"]
[EventRounds "9"]
[EventCountry "HUN"]
[EventCategory "9"]

1. Nf3 d5 2. d4 Nf6 3. c4 dxc4 4. e3 e6 5. Bxc4 a6 6. O-O c5 7. Bb3 Nc6 8. Nc3
Qc7 9. Bd2 cxd4 10. exd4 Be7 11. Rc1 O-O 12. d5 exd5 13. Nxd5 Nxd5 14. Bxd5 Bf6
15. Qb3 Bg4 16. Bc3 Bxf3 17. Bxf3 Bxc3 18. Qxc3 Qb6 19. Bxc6 bxc6 20. b3 Rac8
21. Rfe1 Rfe8 22. h3 Rxe1+ 23. Rxe1 c5 24. Re4 Rd8 25. Rc4 Rd1+ 26. Kh2 Qd6+
27. Qg3 Qf8 28. Qe5 Rd2 29. Qxc5 Rxa2 30. Qb6 h6 31. Ra4 1/2-1/2

[Event "I. Sarkany-Aranytiz GM"]
[Site "Budapest"]
[Date "2012.08.26"]
[Round "9"]
[White "Gonda, Laszlo"]
[Black "Jakab, Attila"]
[Result "1-0"]
[WhiteElo "2547"]
[BlackElo "2405"]
[PlyCount "63"]
[EventDate "2012.08.18"]
[EventType "tourn"]
[EventRounds "9"]
[EventCountry "HUN"]
[EventCategory "9"]

1. c4 e6 2. g3 Nf6 3. Bg2 Be7 4. Nf3 O-O 5. O-O d5 6. d4 dxc4 7. Qc2 a6 8. a4
Bd7 9. Rd1 Bc6 10. Nc3 Bb4 11. Bg5 h6 12. Bxf6 Qxf6 13. e4 Bxc3 14. bxc3 b6 15.
Ne5 Bb7 16. Qe2 Qe7 17. Qxc4 Rc8 18. f4 Qe8 19. d5 exd5 20. exd5 Nd7 21. Re1
Nxe5 22. fxe5 Qe7 23. Qd4 Re8 24. d6 cxd6 25. exd6 Qd7 26. Bxb7 Qxb7 27. d7
Red8 28. Re7 Qc6 29. Rf1 f6 30. Rfe1 Qc5 31. Qxc5 bxc5 32. R1e6 1-0